Pays les plus haut du monde - Statistiques

Statistiques générales
  • Ce quiz a été pris 124 fois
    122 depuis la dernière actualisation
  • Le résultat moyen est 17 sur 33
Statistiques - réponses
Pays Altitude Moyenne % Correct
Népal 3 265 m
87%
Chili 1 871 m
83%
Chine 1 840 m
82%
Suisse 1 370 m
82%
Pérou 1 555 m
81%
Bhoutan 3 280 m
77%
Bolivie 1 193 m
77%
Pakistan 1 018 m
71%
Equateur 1 117 m
66%
Afghanistan 1 884 m
65%
Mongolie 1 528 m
64%
Tadjikistan 3 186 m
62%
Kirghizistan 2 988 m
60%
Andorre 1 996 m
57%
Mexique 1 111 m
56%
Iran 1 305 m
55%
Géorgie 1 432 m
54%
Arménie 1 792 m
52%
Turquie 1 167 m
46%
Ethiopie 1 330 m
45%
Lesotho 2 161 m
45%
Tanzanie 1 018 m
45%
Rwanda 1 598 m
44%
Burundi 1 504 m
42%
Ouganda 1 201 m
42%
Afrique du Sud 1 034 m
39%
Zambie 1 138 m
32%
Namibie 1 141 m
28%
Angola 1 112 m
27%
Botswana 1 013 m
27%
Liban 1 250 m
25%
Monténégro 1 086 m
13%
Taiwan 1 150 m
9%
Aucun quiz correspondant
Distribution des résultats
% des personnes avec chaque résultat
Percentile par nombre de réponses
Votre historique - résultats
Vous n’avez pas pris ce quiz depuis la dernière actualisation